LEADER 01869nam 2200505Ia 450 001 9910700823303321 005 20110818093104.0 035 $a(CKB)5470000002412787 035 $a(OCoLC)747099531 035 $a(EXLCZ)995470000002412787 100 $a20110818d1986 ua 0 101 0 $aeng 135 $aurbn||||||||| 181 $ctxt$2rdacontent 182 $cc$2rdamedia 183 $acr$2rdacarrier 200 10$aCombustion characteristics in the transition region of liquid fuel sprays$b[electronic resource] $efinal report, January 1983 - September 1985 /$fN.P. Cernansky, I. Namer, and R.J. Tidona 210 1$aPhiladelphia, PA :$cMechanical Engineering and Mechanics Dept., Drexel University ;$a[Cleveland, Ohio] :$cNASA Lewis Research Center,$d[1986] 215 $a1 online resource (vi, 49 pages) $cillustrations 225 1 $aNASA-CR ;$v176564 300 $aTitle from title screen (viewed Aug. 17, 2011). 300 $a"January 1986." 320 $aIncludes bibliographical references (pages 45-46). 517 $aCombustion characteristics in the transition region of liquid fuel sprays 606 $aAerosols$2nasat 606 $aCombustion$2nasat 606 $aFuel sprays$2nasat 606 $aIgnition$2nasat 606 $aLiquid fuels$2nasat 615 7$aAerosols. 615 7$aCombustion. 615 7$aFuel sprays. 615 7$aIgnition. 615 7$aLiquid fuels. 700 $aCernansky$b N. P$01406152 701 $aNamer$b I$01406153 701 $aTidona$b R. J$01406154 712 02$aDrexel University.$bDepartment of Mechanical Engineering & Mechanics. 712 02$aLewis Research Center. 801 0$bGPO 801 1$bGPO 906 $aBOOK 912 $a9910700823303321 996 $aCombustion characteristics in the transition region of liquid fuel sprays$93484327 997 $aUNINA